Mapa topologiczna Afryki - Statystyki

Ogólne statystyki
  • Ten quiz został rozwiązany 2 810 razy
  • Średni wynik to 20 z 48
Odpowiedzi na mapie
Odpowiedzi zakodowano w zielono-czerwonej skali na mapie do tego quizu, zgodnie z poniższymi procentami.
 
Statystyki odpowiedzi
Odpowiedź % Poprawnych
Egipt
80%
Algieria
69%
Tunezja
63%
Libia
62%
Maroko
62%
Republika Południowej Afryki
53%
Sudan
52%
Lesotho
50%
Eswatini
48%
Mauretania
47%
Mozambik
45%
Angola
44%
Demokratyczna Republika Konga
44%
Rwanda
44%
Burundi
43%
Namibia
43%
Somalia
43%
Tanzania
43%
Dżibuti
42%
Senegal
42%
Etiopia
41%
Gambia
41%
Malawi
41%
Mali
41%
Botswana
40%
Kenia
40%
Sudan Południowy
40%
Uganda
40%
Czad
39%
Erytrea
39%
Zambia
39%
Niger
36%
Republika Środkowoafrykańska
36%
Zimbabwe
36%
Kamerun
34%
Nigeria
34%
Liberia
33%
Gabon
32%
Gwinea
32%
Gwinea-Bissau
32%
Gwinea Równikowa
31%
Kongo
31%
Sierra Leone
31%
Burkina Faso
30%
Togo
30%
Wybrzeże Kości Słoniowej
30%
Ghana
29%
Benin
28%
Nie znaleziono quizów pasujących do podanych kryteriów
Rozkład punktacji
Procent ludzi z każdym wynikiem
Percentyl według liczby udzielonych odpowiedzi
Twoja historia wyników
Nie rozwiązałeś tego quizu